00455nam a2200109Ia 4500008004100000050002700041100002100068245013800089260008600227300002000313521001200333140724s9999 xx 000 0 und d aRJ 507.A29b.R116 2007 aRabino, Randy R. 4aThe prevalent coping mechanisms of physically abused school-age children at a DSWD Foundation in Parañaque City /cRandy R. Rabino. aLas Piñas, Philippines :bSouthville International School and Colleges,cc2007. a79 p. :c28 cm. aNursing